Multidimenzionálne aspekty kvality QVII. zborník z vedeckej konferencie s medzinárodnou účasťou

Podrobná bibliografia
Korporatívny autor: Multidimenzionálne aspekty kvality Banská Bystrica, Slovensko
Médium: Konferenčný príspevok Program E-kniha
Jazyk:slovenčina
Fyzický popis:1 elektronický optický disk (CD-ROM) 12 cm
Vydavateľské údaje: Banská Bystrica Univerzita Mateja Bela 2005
ISBN:8080830827
Vydanie:1.vyd.
Predmet:

MARC

LEADER 00000nam a2200000 a 4500
001 vtls008296656
003 SK-MaSNL
005 20260302074142.0
007 co cgu uuuua
008 050908s2005 xo dsa 100 0 slo
015 |a SNBS2005 
020 |a 8080830827  |z 8080800827 
040 |a SNK  |b slo  |c SNK  |e AACR2 
041 0 |a slo 
044 |a xo  |c SK 
072 7 |a 005  |x Manažment. Riadenie  |2 konspekt 
080 |a 338.46  |2 2001 
080 |a 005.6  |2 201 
080 |a (063)  |2 2001 
080 |a (0.034.44)  |2 2001 
111 2 |a Multidimenzionálne aspekty kvality  |n (7. :  |d 2005 :  |c Banská Bystrica, Slovensko)  |9 98022 
245 1 0 |a Multidimenzionálne aspekty kvality QVII.  |h elektronický zdroj  |b zborník z vedeckej konferencie s medzinárodnou účasťou 
250 |a 1.vyd. 
256 |a Elektronické dokumenty 
260 |a Banská Bystrica  |b Univerzita Mateja Bela  |c 2005 
300 |a 1 elektronický optický disk (CD-ROM)  |c 12 cm 
516 |a Text (zborník) 
650 0 7 |a služby  |2 SNKPH  |9 2356 
650 0 7 |a manažment kvality  |2 SNKPH  |9 932 
655 7 |a zborníky konferencií  |2 SNKPH  |9 70153 
655 7 |a CD-ROM  |2 SNKPH  |9 70236 
919 |a 80-8083-082-7 
999 |c 1163902  |d 1165832 
952 |a SNK  |b SNK  |y PREZ  |7 0  |p 17A0482698  |o snkSCDM 712  |i snk2005/14956  |8 0  |0 0  |1 0  |4 0  |d 2005-09-08  |l 0  |r 2026-02-24 20:41:28  |w 2026-02-24 
952 |a SNK  |b SNK  |y PREZ  |7 0  |p 17A0482547  |o snkSCDM 712 D1  |i snk2005/14957  |8 0  |0 0  |1 0  |4 0  |d 2005-09-08  |l 0  |r 2026-02-24 20:41:28  |w 2026-02-24